Giáo trình tối ưu tuyến tính : Dành cho sinh viên, học viên cao học

Sách trình bày về phương pháp luận cơ bản của quy hoạch tuyến tính, và các dạng quy hoạch tuyến tính như quy hoạch tuyến tính đối ngẫu, quy hoạch tuyến tính dạng đặc biệt.

Uloženo v:
Podrobná bibliografie
Hlavní autor: Trần, Vũ Thiệu
Médium: Kniha
Jazyk:Undetermined
Vydáno: Hà Nội Đại học Quốc gia Hà Nội 2004
Témata:
Tagy: Přidat tag
Žádné tagy, Buďte první, kdo otaguje tento záznam!
Thư viện lưu trữ: Trung tâm Học liệu Trường Đại học Cần Thơ
LEADER 00893nam a2200217Ia 4500
001 CTU_102373
008 210402s9999 xx 000 0 und d
020 |c 30000 
082 |a 512.5 
082 |b Th305 
100 |a Trần, Vũ Thiệu 
245 0 |a Giáo trình tối ưu tuyến tính : 
245 0 |b Dành cho sinh viên, học viên cao học 
245 0 |c Trần Vũ Thiệu 
260 |a Hà Nội 
260 |b Đại học Quốc gia Hà Nội 
260 |c 2004 
520 |a Sách trình bày về phương pháp luận cơ bản của quy hoạch tuyến tính, và các dạng quy hoạch tuyến tính như quy hoạch tuyến tính đối ngẫu, quy hoạch tuyến tính dạng đặc biệt. 
650 |a Algebras, linear 
904 |i Giang 
980 |a Trung tâm Học liệu Trường Đại học Cần Thơ